000 00747nam a2200265 i 4500
001 C2-0295417
003 PPAK
005 20180728031012.0
008 090329s2009 my a|||| ||||| | may d
020 _a9789675184307
040 _aPPAK
_beng
_cPPAK
_erda
082 0 4 _a899.233
_223
090 0 0 _a899.233
_bJAM
_dK
100 0 _aJamilah Haji Bujang,
_eauthor
245 1 0 _aHang Tuah membunuh penderhaka
264 1 _aKelantan :
_bPustaka Sukses ,
_c2009
300 _a32 pages :
_billustrations ;
_c22 cm
336 _2rdacontent
_atext
337 _2rdamedia
_aunmediated
338 _2rdacarrier
_avolume
490 1 _aSiri legenda gemilang
650 1 0 _aChildren's stories, Malay
830 0 _aSiri legenda gemilang
942 _ddc
_cB
999 _c99964
_d99964